Dead Rails (Roblox) all enemies/entities - Statistics

General Stats
  • This quiz has been taken 681 times
    637 since last reset
  • The average score is 11 of 13
Answer Stats
Hint Answer % Correct
Fuel Scientist Zombie
98%
Fuel(used to have a bounty) Soldier Zombie
98%
Fuel Speedy Zombie
98%
FuelCode holder Zombie Banker/Mayor
98%
Fuel Zombie
97%
Bounty Horseback Outlaw
87%
Bounty Outlaw
87%
Valuable Werewolf
84%
Valuable Vampire
80%
Valuable Nikola Tesla
79%
Fuel Wolf
63%
Bounty Captain Prescott
60%
New March 28-29th update Skeleton
43%
No matching quizzes found
Score Distribution
Percent of People with Each Score
Percentile by Number Answered
Your Score History
You have not taken this quiz since the last reset